Statistieken voor Strooptest

Klik hier om de quiz te nemen!

Algemene statistieken

  • Deze quiz is 133 keer genomen
  • De gemiddelde score is 36 van 40

Antwoordstatistieken

WoordKleur% Correct
GROENBlauw
99%
BLAUWGeel
98%
ROODGroen
98%
ROZEBlauw
97%
GEELOranje
97%
ZWARTRood
97%
BRUINPaars
96%
GROENOranje
95%
BLAUWGeel
94%
ORANJEGroen
94%
GROENWit
94%
GEELRood
93%
ROZEZwart
93%
PAARSGeel
92%
ROODGeel
92%
ORANJEGroen
92%
GEELOranje
92%
WITGeel
91%
BLAUWRood
91%
ZWARTWit
91%
PAARSGroen
90%
GROENBlauw
88%
BLAUWBruin
88%
GEELRood
88%
PAARSBruin
87%
BLAUWGeel
87%
ORANJEGeel
87%
ROZEGroen
87%
GROENOranje
87%
WITPaars
87%
ROODRoze
87%
BRUINWit
87%
ROODZwart
87%
GEELPaars
85%
PAARSWit
85%
BRUINZwart
83%
WITPaars
82%
ROODGeel
81%
ZWARTRood
81%
ROODRoze
81%

Scoreverdeling

Percentiel versus Aantal Correcte Antwoorden

Procent van Mensen met Elke Score

Uw Scoregeschiedenis

U heeft deze quiz nog niet genomen